[Event "Championnat de France 2006 - Open A"]
[Site "BESANCON"]
[Date "2006.08.21"]
[Round "6.1"]
[White "Adda, Olivier"]
[Black "Vilaisarn, Akkhavanh"]
[Result "1/2-1/2"]
[WhiteElo "2142"]
[BlackElo "2190"]
[PlyCount "103"]
[EventDate "2006.??.??"]

1. e4 e6 2. d4 d5 3. Nd2 Nf6 4. e5 Nfd7 5. Bd3 b6 6. Nh3 Ba6 7. Bxa6 Nxa6 8.
O-O c5 9. c4 Nc7 10. Nf4 dxc4 11. Nxc4 cxd4 12. Nd6+ Bxd6 13. exd6 Nb5 14. Nxe6
fxe6 15. Qh5+ g6 16. Qxb5 O-O 17. Bg5 Qe8 18. Be7 Rf5 19. Qa4 Rd5 20. Rac1 Nc5
21. Qc4 d3 22. Rfd1 a5 23. h3 a4 24. Qb4 Rb8 25. Rc4 e5 26. f3 Qf7 27. Rxc5
Rxc5 28. Rxd3 Rd5 29. Rxd5 Qxd5 30. Qxa4 Kf7 31. Qh4 Qd4+ 32. Qxd4 exd4 33. Kf2
Rc8 34. Ke2 Rc2+ 35. Kd3 Rxb2 36. Kxd4 Ke6 37. g4 Rxa2 38. f4 Ra1 39. Kc4 Rc1+
40. Kb5 Kd7 41. Kxb6 Rf1 42. f5 gxf5 43. gxf5 Rxf5 44. h4 Rh5 45. Kb7 Rb5+ 46.
Ka6 Rb1 47. Ka5 Kc6 48. Ka4 Rd1 49. Kb4 Rd4+ 50. Kc3 Rd5 51. Kb4 Rd1 52. Kc4
1/2-1/2

[Event "Championnat de France 2006 - Open A"]
[Site "BESANCON"]
[Date "2006.08.21"]
[Round "6.2"]
[White "Fischer, Marc"]
[Black "Marie, Maxime"]
[Result "1/2-1/2"]
[WhiteElo "2146"]
[BlackElo "2165"]
[PlyCount "57"]
[EventDate "2006.??.??"]

1. c4 g6 2. g3 Bg7 3. Bg2 Nc6 4. Nc3 d6 5. e3 Nf6 6. Nge2 O-O 7. O-O Ne5 8. d3
Bg4 9. f3 Bd7 10. b4 c5 11. b5 Qc8 12. f4 Neg4 13. h3 Nh6 14. g4 Nfxg4 15. hxg4
Bxg4 16. Bb2 Nf5 17. Qd2 Re8 18. e4 Nh4 19. Qe3 h5 20. Nd1 e5 21. fxe5 dxe5 22.
Nf2 Qd8 23. Nxg4 hxg4 24. Ng3 Rf8 25. Rad1 Qe7 26. Bc1 f6 27. Bd2 Rad8 28. Be1
f5 29. Qe2 1/2-1/2

[Event "Championnat de France 2006 - Open A"]
[Site "BESANCON"]
[Date "2006.08.21"]
[Round "6.4"]
[White "Bodenez, Vincent"]
[Black "Duchateau, Thomas"]
[Result "1/2-1/2"]
[WhiteElo "2194"]
[BlackElo "2129"]
[PlyCount "32"]
[EventDate "2006.??.??"]

1. e4 c5 2. Nf3 d6 3. d4 cxd4 4. Nxd4 Nf6 5. Nc3 a6 6. f3 e6 7. Be3 b5 8. Qd2
b4 9. Nce2 e5 10. Nb3 Nc6 11. Ng3 Be6 12. O-O-O d5 13. exd5 Nxd5 14. Bc5 Be7
15. Qf2 Bg5+ 16. Nd2 Nc3 1/2-1/2

[Event "Championnat de France 2006 - Open A"]
[Site "BESANCON"]
[Date "2006.08.21"]
[Round "6.5"]
[White "Barj, Julien"]
[Black "Oliveira, Sancho"]
[Result "0-1"]
[WhiteElo "2135"]
[BlackElo "2172"]
[PlyCount "72"]
[EventDate "2006.??.??"]

1. e4 d6 2. d4 Nf6 3. Nc3 g6 4. f4 Bg7 5. Nf3 O-O 6. Bd3 Na6 7. O-O c5 8. d5
Bg4 9. h3 Bxf3 10. Rxf3 Rb8 11. a4 Nc7 12. Bc4 a6 13. a5 b5 14. axb6 Rxb6 15.
Qd3 e6 16. Na4 exd5 17. exd5 Rb8 18. Bd2 Nb5 19. c3 Qc7 20. Re1 Qb7 21. Ba2 Qd7
22. b3 Qb7 23. Rf2 Rfe8 24. Rxe8+ Rxe8 25. Re2 Rxe2 26. Qxe2 Qxd5 27. c4 Nd4
28. cxd5 Nxe2+ 29. Kf2 Nd4 30. b4 Ne4+ 31. Ke3 Nxd2 32. bxc5 Nf1+ 33. Kf2 dxc5
34. Kxf1 Bf8 35. Bc4 a5 36. Nc3 Kg7 0-1

[Event "Championnat de France 2006 - Open A"]
[Site "BESANCON"]
[Date "2006.08.21"]
[Round "6.6"]
[White "Rigolot, Matthieu"]
[Black "Lewis, John"]
[Result "1/2-1/2"]
[WhiteElo "2153"]
[BlackElo "2112"]
[PlyCount "124"]
[EventDate "2006.??.??"]

1. d4 d5 2. c4 e6 3. Nf3 c6 4. g3 Nf6 5. Bg2 Bb4+ 6. Bd2 Be7 7. O-O O-O 8. Nc3
b6 9. Qb3 Ba6 10. cxd5 cxd5 11. Ne5 Bb7 12. Rac1 Nbd7 13. Nxd7 Qxd7 14. a4 Bc6
15. Ra1 Rfb8 16. Bf4 Rb7 17. Rfc1 Ne8 18. Qc2 Nd6 19. b3 Nf5 20. Qd3 Bf6 21.
Be5 Bxe5 22. dxe5 Rc8 23. Rc2 Rbc7 24. Rac1 Bb7 25. Bh3 Ne7 26. Na2 Rxc2 27.
Rxc2 Rxc2 28. Qxc2 Qc6 29. Nb4 Qxc2 30. Nxc2 Nc6 31. f4 a5 32. Kf2 Kf8 33. Ke3
Ba6 34. Kd2 Ke7 35. Bg2 f6 36. e4 fxe5 37. exd5 exd5 38. Bxd5 Kd6 39. Bxc6 Kxc6
40. fxe5 Kd5 41. Kc3 Kxe5 42. Ne3 g6 43. Nc4+ Bxc4 44. Kxc4 Kd6 45. Kd4 Ke6 46.
Ke4 h5 47. g4 hxg4 48. Kf4 Kf6 49. Kxg4 Ke6 50. Kg5 Kf7 51. Kh6 Kf6 52. h4 Kf5
53. Kg7 g5 54. hxg5 Kxg5 55. Kf7 Kf5 56. Ke7 Ke5 57. Kd7 Kd5 58. Kc7 Kc5 59.
Kb7 b5 60. axb5 Kxb5 61. Ka7 a4 62. bxa4+ Kxa4 1/2-1/2

[Event "Championnat de France 2006 - Open A"]
[Site "BESANCON"]
[Date "2006.08.21"]
[Round "6.7"]
[White "Debeaune, Robin"]
[Black "Guilleux, Fabien"]
[Result "1-0"]
[WhiteElo "2150"]
[BlackElo "2055"]
[PlyCount "97"]
[EventDate "2006.??.??"]

1. g3 Nf6 2. Bg2 g6 3. Nf3 Bg7 4. O-O O-O 5. d4 d6 6. c4 c5 7. Nc3 Nc6 8. d5
Na5 9. Qd3 e5 10. e4 Ng4 11. Nd2 f5 12. f3 Nf6 13. a3 b6 14. b4 Nb7 15. Ra2 f4
16. g4 g5 17. h3 h5 18. Qe2 Kf7 19. Nd1 Rh8 20. Nf2 Bd7 21. Nb3 Qc7 22. Bd2 a6
23. Rb1 b5 24. bxc5 dxc5 25. Bc3 Ne8 26. Nd2 Ned6 27. Nd3 Rae8 28. Qf2 h4 29.
Rc2 Re7 30. Bf1 Kg6 31. Ba1 bxc4 32. Nb2 c3 33. Rxc3 Nb5 34. Bxb5 axb5 35. a4
bxa4 36. Nbc4 Rb8 37. Rb6+ Kh7 38. d6 Nxd6 39. Rxd6 Bb5 40. Rd5 Rd7 41. Rxc5
Qd8 42. Rc2 Bf8 43. Rd5 Rxd5 44. exd5 Qxd5 45. Qe2 Bc5+ 46. Kg2 Be3 47. Ne4 Qd8
48. Bxe5 Rc8 49. Ned6 1-0

[Event "Championnat de France 2006 - Open A"]
[Site "BESANCON"]
[Date "2006.08.21"]
[Round "6.8"]
[White "Bauer, Frederic"]
[Black "Faure, Stephane"]
[Result "0-1"]
[WhiteElo "2094"]
[BlackElo "2143"]
[PlyCount "128"]
[EventDate "2006.??.??"]

1. c4 Nf6 2. Nc3 e6 3. e4 e5 4. Nf3 Nc6 5. g3 d6 6. d3 h6 7. Bg2 Bg4 8. Be3 Nd7
9. h3 Be6 10. Nd5 Be7 11. Qd2 a5 12. a3 Nc5 13. Rb1 a4 14. Bxc5 dxc5 15. Nxe7
Qxe7 16. Qc3 Qf6 17. b4 axb3 18. Rxb3 b6 19. Nh4 Nd4 20. Rb2 Rd8 21. O-O O-O
22. a4 Ra8 23. Ra1 Ra5 24. Qe1 Rd8 25. f4 Nc6 26. f5 Bc8 27. Qe3 Qd6 28. Bf1
Nb4 29. Nf3 Bd7 30. g4 Rxa4 31. Rxa4 Bxa4 32. g5 hxg5 33. Qxg5 Qf6 34. Qg3 Nxd3
35. Ra2 Bc6 36. Nh2 Bxe4 37. Ng4 Qd6 38. f6 Qd4+ 39. Kh2 Bg6 40. Rd2 e4 41. Qh4
Qd6+ 42. Kh1 Qf4 43. Rd1 Ra8 44. Bg2 Ra2 45. Rf1 Qd2 46. Qg3 Rc2 47. Ne3 Rc1
48. Kg1 Rxf1+ 49. Nxf1 Qf4 50. Qe3 Qxe3+ 51. Nxe3 c6 52. fxg7 Kxg7 53. Kf1 f5
54. h4 Kf6 55. Bh3 Nf4 56. h5 Nxh3 57. hxg6 Kxg6 58. Ke2 f4 59. Ng4 Kf5 60.
Nh6+ Ke6 61. Ng4 Ng5 62. Kd2 Nf7 63. Ke2 Nd6 64. Nf2 Kf5 0-1

[Event "Championnat de France 2006 - Open A"]
[Site "BESANCON"]
[Date "2006.08.21"]
[Round "6.9"]
[White "Colliou, Yannick"]
[Black "Girard, Eric"]
[Result "0-1"]
[WhiteElo "2197"]
[BlackElo "2090"]
[PlyCount "60"]
[EventDate "2006.??.??"]

1. Nf3 e6 2. g3 d5 3. Bg2 Nf6 4. c4 Be7 5. O-O O-O 6. d4 dxc4 7. Qa4 a6 8. Qxc4
b5 9. Qd3 Bb7 10. Bf4 Nbd7 11. Nbd2 c5 12. Rac1 Rc8 13. a4 cxd4 14. axb5 Nc5
15. Qxd4 a5 16. Rfd1 Qb6 17. Bg5 Rfd8 18. Qh4 Rc7 19. Nf1 Rxd1 20. Rxd1 Ncd7
21. Ne3 Nf8 22. Qd4 Bc5 23. Qd8 Nd5 24. Rd3 Bxe3 25. fxe3 f6 26. Kf2 fxg5 27.
Ne5 Qc5 28. Qxg5 h6 29. Qh5 Nf6 30. b4 Qxe5 0-1

[Event "Championnat de France 2006 - Open A"]
[Site "BESANCON"]
[Date "2006.08.21"]
[Round "6.10"]
[White "Laruelle, Joel"]
[Black "Henriot, Jerome"]
[Result "1/2-1/2"]
[WhiteElo "2145"]
[BlackElo "2061"]
[PlyCount "23"]
[EventDate "2006.??.??"]

1. c4 e5 2. Nc3 d6 3. g3 f5 4. Bg2 Nf6 5. d3 g6 6. e3 Bg7 7. Nge2 O-O 8. O-O
Nc6 9. Bd2 Ne7 10. Nd5 c6 11. Nxf6+ Bxf6 12. Bb4 1/2-1/2

[Event "Championnat de France 2006 - Open B"]
[Site "BESANCON"]
[Date "2006.08.21"]
[Round "6.1"]
[White "Marceline, Philippe"]
[Black "Le, Samuel"]
[Result "0-1"]
[WhiteElo "1880"]
[BlackElo "1937"]
[PlyCount "70"]
[EventDate "2006.??.??"]

1. e4 d6 2. d4 Nf6 3. Nc3 g6 4. Be3 c6 5. Qd2 h6 6. f3 Nbd7 7. Bd3 e5 8. Nge2
c5 $6 9. dxc5 Nxc5 10. Bb5+ Bd7 11. O-O-O Qa5 12. Bxc5 Bxb5 13. Nxb5 Qxb5 14.
Ba3 h5 15. Nc3 Qa5 16. Nd5 $6 {#} (16. Kb1) 16... Bh6 $1 17. f4 $2 Qxd2+ 18.
Rxd2 Nxe4 19. Re2 f5 20. Rxe4 fxe4 21. Nf6+ Kf7 22. Nxe4 d5 23. Nd6+ Ke6 24.
Nxb7 Bxf4+ 25. Kd1 Be3 26. Ke2 Bb6 27. Nc5+ Bxc5 28. Bxc5 Rhc8 29. b4 d4 30.
Kd3 Kd5 31. c4+ dxc3 32. Rf1 a5 33. Rf6 Rc6 34. Rf2 axb4 35. Bxb4 e4+ 0-1

[Event "Championnat de France 2006 - Open B"]
[Site "BESANCON"]
[Date "2006.08.21"]
[Round "6.2"]
[White "Cabanes, Kim"]
[Black "Pingue, Renaud"]
[Result "0-1"]
[WhiteElo "1900"]
[BlackElo "1932"]
[PlyCount "78"]
[EventDate "2006.??.??"]

1. d4 d5 2. Nf3 Nf6 3. Bf4 Bf5 4. c3 e6 5. e3 Bd6 6. Bg3 O-O 7. Bd3 Bg6 8. O-O
c5 9. Bxg6 hxg6 10. Nbd2 Bxg3 11. fxg3 Nbd7 12. Qe2 Re8 13. e4 e5 14. dxc5 Nxc5
15. exd5 e4 16. Nd4 Qxd5 17. Kh1 a6 18. Nc4 Rad8 19. Ne3 Qg5 20. Ndf5 Nd3 21.
h4 Qh5 22. Nd4 Qe5 23. g4 Qg3 24. h5 Qh4+ 25. Kg1 gxh5 26. Ndf5 Qg5 27. gxh5
Qxh5 28. g4 Qh3 29. g5 Nh5 30. Ng2 Ne5 31. Ngh4 Ng3 32. Nxg3 Qxg3+ 33. Qg2 Qxh4
34. Rf2 Rd3 35. Kf1 Rg3 36. Qh2 Qxh2 37. Rxh2 Rxg5 38. Ke2 Nf3 39. Rh3 Ng1+ 0-1

[Event "Championnat de France 2006 - Open B"]
[Site "BESANCON"]
[Date "2006.08.21"]
[Round "6.3"]
[White "Rodrigues, Gilbert"]
[Black "Lepot, Simon"]
[Result "1-0"]
[WhiteElo "1890"]
[BlackElo "1880"]
[PlyCount "83"]
[EventDate "2006.??.??"]

1. e4 c5 2. Nc3 Nc6 3. f4 g6 4. Nf3 d6 5. Bb5 Bg7 6. O-O e6 7. d3 Nge7 8. Qe1
O-O 9. Ne2 a6 10. Bxc6 Nxc6 11. Ng3 f5 12. c3 b6 13. h4 e5 14. exf5 gxf5 15.
Nh5 Ra7 16. Nxg7 Rxg7 17. fxe5 dxe5 18. Bh6 Qf6 19. Bxg7 Qxg7 20. Qe3 Bb7 21.
Qg5 Rf7 22. Rae1 h6 23. Qxg7+ Rxg7 24. Rf2 e4 25. dxe4 fxe4 26. Rxe4 Nd4 27.
Rxd4 cxd4 28. Nxd4 Rg4 29. Nf5 Kh7 30. Ne3 Rg7 31. Rf6 b5 32. Kf2 h5 33. g3 Rd7
34. Nf5 Bc8 35. Rh6+ Kg8 36. Rxh5 Rf7 37. g4 Be6 38. Ke3 Rf6 39. Kf4 Bxa2 40.
g5 Rf8 41. g6 Bb1 42. g7 1-0

[Event "Championnat de France 2006 - Open B"]
[Site "BESANCON"]
[Date "2006.08.21"]
[Round "6.4"]
[White "Chobaut, Nicolas"]
[Black "Thill, Alain"]
[Result "1/2-1/2"]
[WhiteElo "1974"]
[BlackElo "1715"]
[PlyCount "81"]
[EventDate "2006.??.??"]

1. d4 d5 2. Nf3 Nf6 3. c4 dxc4 4. Nc3 a6 5. a4 c6 6. e3 Nbd7 7. Bxc4 e6 8. O-O
Bb4 9. Re1 O-O 10. e4 c5 11. Bf4 cxd4 12. Qxd4 Bc5 13. Qd2 Nb6 14. Bb3 Qxd2 15.
Nxd2 Bd4 16. Rac1 e5 17. Be3 Be6 18. Bxe6 fxe6 19. a5 Nbd7 20. Nb3 Bxe3 21.
Rxe3 Rac8 22. f3 b5 23. Na2 Rxc1+ 24. Naxc1 Rc8 25. Rc3 Rxc3 26. bxc3 Nb8 27.
Nd3 Nfd7 28. Kf2 Kf7 29. Ke3 Nc6 30. Nbc5 Nxc5 31. Nxc5 Nxa5 32. Nxa6 Nc6 33.
Kd3 Ke7 34. Kc2 Kd7 35. Kb3 Kd6 36. Nb4 Na5+ 37. Kc2 Nc4 38. Kd3 Nb2+ 39. Kc2
Nc4 40. Kd3 Nb2+ 41. Kc2 1/2-1/2

[Event "Championnat de France 2006 - Open B"]
[Site "BESANCON"]
[Date "2006.08.21"]
[Round "6.5"]
[White "Millon, Valentin"]
[Black "Baudon, Sebastien"]
[Result "0-1"]
[WhiteElo "1850"]
[BlackElo "1984"]
[PlyCount "139"]
[EventDate "2006.??.??"]

1. e4 c5 2. Nf3 Nc6 3. d4 cxd4 4. Nxd4 Nf6 5. Nc3 e5 6. Ndb5 d6 7. Nd5 Nxd5 8.
exd5 Nb8 9. c4 a6 10. Nc3 Be7 11. Bd3 O-O 12. O-O f5 13. b4 Bf6 14. Bb2 e4 15.
Bc2 Nd7 16. Qe2 Ne5 17. c5 dxc5 18. bxc5 Qa5 19. Na4 Bd7 20. Nb6 Bb5 21. Qe1
Qxe1 22. Rfxe1 Rae8 23. Bxe5 Bxe5 24. Rad1 Bc7 25. Ba4 Bxb6 26. Bxb5 axb5 27.
cxb6 Rf6 28. f3 e3 29. d6 f4 30. g3 fxg3 31. d7 gxh2+ 32. Kxh2 Rd8 33. Rxe3 Kf7
34. Rc3 Rxb6 35. Rc8 Ke7 36. Rc7 Rf6 37. Rxb7 Rxf3 38. Re1+ Kd6 39. Rxb5 Rf2+
40. Kg3 Rxa2 41. Rd1+ Ke6 42. Rb8 Rxb8 43. d8=Q Rxd8 44. Rxd8 Ra5 45. Rh8 h6
46. Kg4 Rg5+ 47. Kh4 Kf5 48. Ra8 Rg4+ 49. Kh5 Rg5+ 50. Kh4 Kf4 51. Ra4+ Kf3 52.
Ra3+ Ke4 53. Ra4+ Kd3 54. Ra3+ Kc4 55. Ra4+ Kb5 56. Ra7 g6 57. Rh7 Rh5+ 58. Kg4
Rh1 59. Rg7 Rg1+ 60. Kh4 Kc5 61. Ra7 Rb1 62. Ra6 Rb4+ 63. Kg3 Rb6 64. Ra8 Kd5
65. Rh8 h5 66. Rh6 Ke5 67. Kh3 Kf5 68. Rh8 Kg5 69. Rh7 Rb3+ 70. Kh2 0-1

[Event "Championnat de France 2006 - Open C"]
[Site "BESANCON"]
[Date "2006.08.21"]
[Round "6.1"]
[White "Vinckier, Delphine"]
[Black "Souquet, Amedee"]
[Result "0-1"]
[WhiteElo "1590"]
[BlackElo "1660"]
[PlyCount "100"]
[EventDate "2006.??.??"]

1. e4 c5 2. Nc3 d6 3. Nf3 Nc6 4. Bc4 Nf6 5. d3 g6 6. Be3 Bg7 7. h3 O-O 8. Qd2
Na5 9. O-O-O Nxc4 10. dxc4 Qb6 11. b3 Qb4 12. Kb1 Be6 13. Rhe1 Bxc4 14. Nd5
Nxd5 15. exd5 Bc3 16. Qc1 a5 17. Bd2 Bb5 18. Rxe7 a4 19. Bxc3 Qxc3 20. Qb2
Qxb2+ 21. Kxb2 axb3 22. cxb3 b6 23. a4 Ba6 24. Rde1 b5 25. axb5 Bxb5 26. Rb7
Rfb8 27. Ree7 Rxb7 28. Rxb7 Bf1 29. Rd7 Bxg2 30. Nd2 Bxd5 31. Rxd6 Be6 32. h4
Rc8 33. Ne4 Kg7 34. f3 c4 35. b4 Bh3 36. f4 Bf1 37. Kc3 Ra8 38. Nc5 Ra3+ 39.
Kc2 Rh3 40. b5 Rxh4 41. b6 Bg2 42. Rd4 g5 43. Kc3 gxf4 44. Kxc4 Bc6 45. Nd3 Rh6
46. Kc5 f3 47. Ne5 Ba8 48. Rf4 Rf6 49. Rg4+ Kh8 50. Rd4 f2 0-1

[Event "Championnat de France 2006 - Open C"]
[Site "BESANCON"]
[Date "2006.08.21"]
[Round "6.2"]
[White "De Castet, Antoine"]
[Black "Farinone, Jean-Marc"]
[Result "0-1"]
[WhiteElo "1570"]
[BlackElo "1599"]
[PlyCount "48"]
[EventDate "2006.??.??"]

1. c4 Nf6 2. Nc3 e6 3. Nf3 d5 4. e3 c6 5. a3 Qa5 6. Nd4 c5 7. Nb3 Qd8 8. d4
cxd4 9. Nxd4 Be7 10. Qa4+ Bd7 11. Qb3 Nc6 12. cxd5 Nxd4 13. exd4 Nxd5 14. Nxd5
exd5 15. Qxb7 Bf5 16. Qc6+ Kf8 17. Bf4 Rc8 18. Qa6 g5 19. Qh6+ Kg8 20. Bd2 f6 {
#} 21. Bc3 $2 (21. h4) 21... Bg4 $1 22. Bd3 Bf8 23. Bxh7+ Rxh7 24. Qg6+ Rg7 0-1

[Event "Championnat de France 2006 - Open C"]
[Site "BESANCON"]
[Date "2006.08.21"]
[Round "6.3"]
[White "Rasolonindrina, John-Millot"]
[Black "Louison, Lewis"]
[Result "0-1"]
[WhiteElo "1480"]
[BlackElo "1660"]
[PlyCount "82"]
[EventDate "2006.??.??"]

1. e4 e5 2. Nf3 Nc6 3. Bb5 Nge7 4. c3 a6 5. Ba4 b5 6. Bc2 d5 7. d4 Bg4 8. O-O
exd4 9. Re1 Ne5 10. Nbd2 d3 11. Bb3 dxe4 12. Rxe4 N7g6 13. Qe1 Bxf3 14. Nxf3
Bd6 15. Bd5 Rb8 16. Bc6+ Kf8 17. Nxe5 Bxe5 18. f4 Ne7 19. fxe5 Nxc6 20. e6 f6
21. e7+ Nxe7 22. Rxe7 Qxe7 23. Be3 Re8 24. Kf2 Kf7 25. Qd2 Rd8 26. Re1 Rhe8 27.
b4 Qd7 28. Rf1 Re6 29. Kg1 Rde8 30. Bd4 Qc6 31. Qxd3 Re1 32. Qxh7 Rxf1+ 33.
Kxf1 Qc4+ 34. Kf2 Re2+ 35. Kg3 Qd5 36. Qh3 Rd2 37. Kf4 Rxg2 38. a3 Qd6+ 39. Ke4
Rxh2 40. Qf1 Qe6+ 41. Kd3 Qc4+ 0-1

[Event "Championnat de France 2006 - Open C"]
[Site "BESANCON"]
[Date "2006.08.21"]
[Round "6.4"]
[White "Saucey, Capucine"]
[Black "Durez, Gerard"]
[Result "1/2-1/2"]
[WhiteElo "1660"]
[BlackElo "1500"]
[PlyCount "52"]
[EventDate "2006.??.??"]

1. e4 c6 2. d4 d5 3. Nd2 dxe4 4. Nxe4 Bf5 5. Ng3 Nf6 6. Nf3 Bg4 7. Be2 e6 8.
O-O Bd6 9. c4 O-O 10. Bg5 Be7 11. Ne5 Bxe2 12. Nxe2 Nbd7 13. f4 Qc7 14. Rf3
Rad8 15. Qc2 c5 16. Rh3 cxd4 17. Nxd7 Qxd7 18. Rd1 g6 19. Rxd4 Qc7 20. Kh1 Ng4
21. Rg3 Nf6 22. Rxd8 Rxd8 23. Rd3 Kg7 24. Rxd8 Qxd8 25. Bxf6+ Bxf6 26. h3 Qb6
1/2-1/2

[Event "Championnat de France 2006 - Open C"]
[Site "BESANCON"]
[Date "2006.08.21"]
[Round "6.5"]
[White "Lasserre, Marc"]
[Black "Fais, Bertrand"]
[Result "1/2-1/2"]
[WhiteElo "1636"]
[BlackElo "1360"]
[PlyCount "144"]
[EventDate "2006.??.??"]

1. d4 d5 2. Nf3 Nc6 3. e3 Nf6 4. Bd3 Bg4 5. Nbd2 a6 6. a3 e5 7. dxe5 Nxe5 8.
Be2 Nxf3+ 9. Nxf3 Bd6 10. Nd4 Bd7 11. b4 Ne4 12. Bb2 Qh4 13. g3 Qh6 14. Bg4
O-O-O 15. Bxd7+ Rxd7 16. Nf5 Qh3 17. Nxd6+ Rxd6 18. Qf3 Ng5 19. Qf4 f6 20.
O-O-O Re8 21. Qh4 Qxh4 22. gxh4 Nh3 23. Rhf1 Re4 24. Rd4 Rxd4 25. Bxd4 f5 26.
Bxg7 Rg6 27. Be5 Rg4 28. Bg3 f4 29. exf4 Nxf4 30. Re1 Ng6 31. f3 Rc4 32. h5 Nf4
33. Re7 Nxh5 34. Rxh7 Nxg3 35. hxg3 Rc3 36. Rf7 Rxa3 37. Kb2 Re3 38. g4 Kd8 39.
g5 Ke8 40. g6 Re6 41. Rxc7 Rxg6 42. Rxb7 Rf6 43. Ra7 Kd8 44. Rh7 Kc8 45. Rh5 d4
46. Rd5 Rf4 47. Kb3 Rxf3+ 48. Ka4 Kb7 49. Rxd4 Rc3 50. Rd2 Kb6 51. Rh2 Kb7 52.
b5 axb5+ 53. Kxb5 Kc7 54. Kb4 Rc6 55. Rh7+ Kb6 56. c4 Rf6 57. Rh1 Rf4 58. Rh6+
Kc7 59. Kb5 Rf2 60. Rh3 Rb2+ 61. Kc5 Kd7 62. Rd3+ Kc7 63. Rd6 Rb1 64. Rh6 Kd7
65. Rb6 Rd1 66. Rb7+ Ke6 67. Kc6 Rd6+ 68. Kc7 Rd7+ 69. Kc8 Rd6 70. Rc7 Rb6 71.
c5 Rb5 72. Kd8 Rb8+ 1/2-1/2

[Event "Championnat de France 2006 - Vétérans"]
[Site "BESANCON"]
[Date "2006.08.21"]
[Round "6.1"]
[White "Meinsohn, Francis"]
[Black "Goldenberg, Richard"]
[Result "1/2-1/2"]
[WhiteElo "2250"]
[BlackElo "2329"]
[PlyCount "62"]
[EventDate "2006.??.??"]

1. d4 Nf6 2. c4 g6 3. Nc3 Bg7 4. Nf3 d6 5. Bg5 h6 6. Bh4 g5 7. Bg3 Nh5 8. e3
Bd7 9. Qc2 c5 10. d5 Qa5 11. Be2 Na6 12. O-O Nc7 13. Nd2 Nxg3 14. fxg3 O-O 15.
Rf2 b5 16. cxb5 Nxb5 17. Nc4 Qc7 18. Ne4 f5 19. Ned2 Qb7 20. Na5 Qc8 21. Nc6
Bxc6 22. dxc6 Nc7 23. Raf1 e6 24. g4 Rb8 {#} 25. gxf5 Rxb2 26. Qd3 exf5 27. Nc4
Rxe2 28. Rxe2 Qe6 29. e4 Bd4+ 30. Kh1 f4 31. Rfe1 g4 1/2-1/2

[Event "Championnat de France 2006 - Vétérans"]
[Site "BESANCON"]
[Date "2006.08.21"]
[Round "6.2"]
[White "Ancival, Lucien"]
[Black "Patrat, Joel"]
[Result "0-1"]
[WhiteElo "2044"]
[BlackElo "2003"]
[PlyCount "56"]
[EventDate "2006.??.??"]

1. c4 e6 2. g3 f5 3. Bg2 d5 4. Nf3 Nf6 5. d3 c6 6. b3 Bb4+ 7. Bd2 Bd6 8. O-O
O-O 9. cxd5 exd5 10. b4 Qe8 11. Bc3 f4 12. Nbd2 Qh5 13. a3 fxg3 14. fxg3 Nbd7
15. e4 Ng4 16. Re1 Nde5 17. Qe2 Bd7 18. d4 Nxf3+ 19. Bxf3 dxe4 20. Bxg4 Bxg4
21. Qxe4 Rae8 22. Qg2 Bh3 23. Qh1 Be6 24. Qe4 Bd5 25. Qh4 Qf5 26. g4 Qd3 27.
Rac1 Bf4 28. Rxe8 Be3+ 0-1

[Event "Championnat de France 2006 - Vétérans"]
[Site "BESANCON"]
[Date "2006.08.21"]
[Round "6.3"]
[White "Oger, Claude"]
[Black "Degrave, Jack"]
[Result "1-0"]
[WhiteElo "1962"]
[BlackElo "2042"]
[PlyCount "69"]
[EventDate "2006.??.??"]

1. e4 e6 2. d4 d5 3. Nd2 Nf6 4. e5 Nfd7 5. f4 c5 6. c3 Nc6 7. Ngf3 cxd4 8. Nxd4
Bc5 9. N2f3 a6 10. Bd3 Nxd4 11. cxd4 Bb4+ 12. Bd2 Qa5 13. O-O Nb6 14. Bxb4 Qxb4
15. b3 Bd7 16. a3 Qe7 17. a4 Rc8 18. Qe2 h6 19. Rac1 O-O 20. Qd2 Na8 21. Bb1 b5
22. a5 Qa3 23. Bc2 Rc7 24. Qd3 g6 25. Nh4 Qe7 26. Nf3 Rfc8 27. Qd2 Rc3 28. Bd3
Qb4 29. Rb1 Qxa5 {#} 30. f5 exf5 31. Qxh6 Be6 32. Ng5 Qb6 33. Rf4 Rxd3 34. Nh7
Rxd4 35. Nf6# 1-0

[Event "Championnat de France 2006 - Vétérans"]
[Site "BESANCON"]
[Date "2006.08.21"]
[Round "6.4"]
[White "Rosenfeld, Imre"]
[Black "Cousin, Philippe"]
[Result "1-0"]
[WhiteElo "2042"]
[BlackElo "2019"]
[PlyCount "111"]
[EventDate "2006.??.??"]

1. d4 Nf6 2. Nf3 c5 3. e3 d5 4. c3 Nc6 5. Bd3 e6 6. Nbd2 Be7 7. O-O O-O 8. dxc5
e5 9. e4 dxe4 10. Nxe4 Nxe4 11. Bxe4 Qxd1 12. Rxd1 Bg4 13. h3 Bxf3 14. Bxf3
Bxc5 15. b4 Bb6 16. a4 Rad8 17. Ba3 Rfe8 18. a5 Bc7 19. a6 e4 20. Rxd8 Nxd8 21.
Be2 b6 22. Rd1 Ne6 23. Kf1 Rd8 24. Rxd8+ Nxd8 25. Bc1 f5 26. g3 Kf7 27. Bc4+
Kf6 28. h4 h6 29. Bb3 Be5 30. Be3 Bxc3 31. Bxb6 Nc6 32. b5 Bd4 33. Bxd4+ Nxd4
34. Ba4 Ne6 35. b6 axb6 36. a7 Nc7 37. Bc6 g5 38. hxg5+ hxg5 39. a8=Q Nxa8 40.
Bxa8 Ke5 41. Bc6 f4 42. Ke2 Kd4 43. Kd2 Ke5 44. Kc3 Kf5 45. Bd7+ Ke5 46. g4 f3
47. Kd2 Kf4 48. Bc6 Kxg4 49. Ke3 Kh3 50. Bxe4 g4 51. Bf5 b5 52. Bd7 b4 53. Be6
Kh4 54. Kf4 Kh3 55. Bxg4+ Kg2 56. Ke3 1-0

[Event "Championnat de France 2006 - Vétérans"]
[Site "BESANCON"]
[Date "2006.08.21"]
[Round "6.5"]
[White "Papet, Bernard"]
[Black "Labarthe, Arnaud"]
[Result "1-0"]
[WhiteElo "1933"]
[BlackElo "2044"]
[PlyCount "147"]
[EventDate "2006.??.??"]

1. e4 d5 2. Nc3 d4 3. Nce2 e5 4. Ng3 Be6 5. Nf3 f6 6. c3 d3 7. Nxe5 fxe5 8.
Qh5+ Bf7 9. Qxe5+ Qe7 10. Qb5+ c6 11. Qxd3 Nf6 12. Be2 Nbd7 13. f3 g6 14. Qc2
h5 15. d4 h4 16. Nf1 O-O-O 17. Qa4 Kb8 18. Bg5 Nb6 19. Qc2 Bh6 20. Bxh4 g5 21.
Bg3+ Ka8 22. Ne3 Bg6 23. Be5 Rh7 24. Bd3 Nfd7 25. Bg3 Re8 26. O-O Bg7 27. Ng4
c5 28. Bf2 c4 29. Be2 Rc8 30. Ne3 Rch8 31. Bg3 Rc8 32. a4 a5 33. Qd1 Nf6 34. e5
Nh5 35. Kf2 Nf4 36. Bxf4 gxf4 37. Ng4 Nd5 38. Rh1 Bf5 39. g3 Bxg4 40. fxg4 Qf7
41. Qf1 Ne3 42. Qb1 Bh6 43. Bf3 fxg3+ 44. hxg3 Nxg4+ 45. Ke2 Rf8 46. Qe4 Nf6
47. Qf5 Ng8 48. Qxf7 Rhxf7 49. Raf1 Bc1 50. e6 Rf6 51. Rxc1 Rxf3 52. Rcf1 Rxf1
53. Rxf1 Rxf1 54. Kxf1 Kb8 55. Ke2 Kc7 56. Kf3 Kd6 57. Kf4 Kxe6 58. g4 Ne7 59.
Kg5 Kf7 60. Kh6 Ng8+ 61. Kg5 Nf6 62. Kf5 Nd5 63. Ke5 Nb6 64. d5 Nxa4 65. d6
Nxb2 66. g5 Nd3+ 67. Kd4 b5 68. g6+ Kxg6 69. d7 Nf4 70. Ke5 Nd3+ 71. Kd6 b4 72.
cxb4 c3 73. d8=Q c2 74. Qe8+ 1-0

[Event "Championnat de France 2006 - Accession"]
[Site "BESANCON"]
[Date "2006.08.22"]
[Round "7.1"]
[White "Bijaoui, Manuel"]
[Black "Edouard, Romain"]
[Result "0-1"]
[WhiteElo "2363"]
[BlackElo "2404"]
[PlyCount "74"]
[EventDate "2006.??.??"]

1. e4 c5 2. Nf3 d6 3. d4 cxd4 4. Nxd4 Nf6 5. Nc3 Nc6 6. Bg5 e6 7. Qd2 a6 8.
O-O-O Bd7 9. f3 Be7 10. h4 b5 11. Nxc6 Bxc6 12. Bd3 h6 13. Be3 Nd7 14. Qf2 Ne5
15. Kb1 Qc7 16. Ne2 Rc8 17. Nf4 Nxd3 18. Rxd3 b4 19. Rd2 Rb8 20. Qg3 g6 21.
Rhd1 a5 22. Nd3 e5 23. Nf2 a4 24. b3 Bb5 25. f4 Qc3 26. fxe5 dxe5 27. Nd3 axb3
28. cxb3 Rd8 29. Nc1 Rxd2 30. Rxd2 O-O 31. Rc2 Bd3 32. Nxd3 Qxd3 33. Kb2 Qxe4
34. Bxh6 Ra8 35. Rd2 Bc5 36. Qd3 Bd4+ 37. Kb1 Qxh4 0-1

[Event "Championnat de France 2006 - Accession"]
[Site "BESANCON"]
[Date "2006.08.22"]
[Round "7.2"]
[White "Naudier, Serge"]
[Black "Shoker, Samy"]
[Result "0-1"]
[WhiteElo "2277"]
[BlackElo "2355"]
[PlyCount "72"]
[EventDate "2006.??.??"]

1. c4 g6 2. d4 Bg7 3. Nc3 d6 4. g3 Nf6 5. Bg2 O-O 6. e3 Nbd7 7. Nge2 e5 8. O-O
h5 9. b3 Re8 10. Qc2 Nf8 11. Ba3 h4 12. c5 d5 13. dxe5 Rxe5 14. c6 bxc6 15. Nd4
Bd7 16. Na4 Qe8 17. Rac1 hxg3 18. hxg3 Ng4 19. Nxc6 Rxe3 20. Bxd5 Bxc6 21. Qxc6
Rxg3+ 22. Bg2 Qe5 23. Rc5 Qf4 24. Bc1 Re3 25. Qxc7 Be5 26. Qxe5 Nxe5 27. fxe3
Qg3 28. Rxe5 Ne6 29. Bb2 Ng5 30. Rc5 Re8 31. e4 Nxe4 32. Rc2 Qe3+ 33. Kh2 Qh6+
34. Kg1 Ng3 35. Bc1 Qh4 36. Rc4 Ne2# 0-1